ბათუმის შოთა რუსთაველის სახელმწიფო უნივერსიტეტის ბიბლიოთეკა

მხევლის წიგნი : (ბიბ.ჩანაწერი № 63745)

000 -ლიდერი
ფიქსირებული სიგრძის საკონტროლო ველი 01616nam a22002537a 4500
003 - საკონტროლო ნომრის იდენტიფიკატორი
საკონტროლო ველი Ge_BSU
005 - ბოლო ოპერაციის თარიღი და დრო
საკონტროლო ველი 20251219161746.0
008 - ფიქსირებული სიგრძის მონაცემთა ელემენტები - ზოგადი ინფორმაცია
ფიქსირებული სიგრძის საკონტროლო ველი 251219s2024 ge ||||| |||| 00| 0 geo d
020 ## - წიგნის საერთაშორისო სტანდარტული ნომერი
International Standard Book Number 9789941358876
041 ## - ენის კოდი
Language code of text/sound track or separate title geo
080 ## - უნივერსალური ათობითი კლასიფიკაციის ინდექსი
Universal Decimal Classification number 811.111(71)-31 ე-87
100 ## - მთავარი ჩანაწერი - პიროვნების სახელი
Personal name ეტვუდი, მარგარეტ
9 (RLIN) 26566
245 ## - ცნობა სათაურის შესახებ
Title მხევლის წიგნი :
Remainder of title [რომანი] /
Statement of responsibility, etc მარგარეტ ეტვუდი; ინგლისურიდან თარგმნა ანა კოპალიანმა; რედაქტორი მაია ალუდაური; დიზაინერი თამარ ჯანთიშვილი.
264 ## - წარმოების, გამოცემის, დისტრიბუციის და სხვა ცნობები
გამოცემის, წარმოების, დისტრიბუციის... ადგილი თბილისი :
გამოცემის, წარმოების, დისტრიბუციის... სახელწოდება პალიტრა L,
გამოცემის, წარმოების, დისტრიბუციის... თარიღი 2024.
300 ## - ფიზიკური აღწერა
Extent 364 გვ. ;
Other physical details 21 სმ.
490 ## - სერიის ცნობა
Series statement კიდევ 15 წიგნი, რომელიც უნდა წაიკითხო, სანამ ცოცხალი ხარ ;
Volume number/sequential designation წიგნი 2
500 ## - ზოგადი შენიშვნა
General note გარეკანი ქართულ და ინგლისურ ენებზე.
501 ## - შენიშვნა თანმხლებ მასალაზე
With note განმარტებები: გვ. 343-362.
653 ## - INDEX TERM--UNCONTROLLED
Uncontrolled term კანადური პროზა -- თარგმანები ქართულ ნეაზე.
700 ## - ADDED ENTRY--PERSONAL NAME
Personal name კოპალიანი, ანა
Relator term მთარგმნელი
9 (RLIN) 26567
700 ## - ADDED ENTRY--PERSONAL NAME
Personal name ალუდაური, მაია
Relator term რედაქტორი
9 (RLIN) 2096
700 ## - ADDED ENTRY--PERSONAL NAME
Personal name ჯანთიშვილი, თამარ
Relator term დიზაინერი
9 (RLIN) 26568
942 ## - ADDED ENTRY ELEMENTS (KOHA)
Source of classification or shelving scheme
Koha item type წიგნი
ეგზემპლარები
ჩამოწერის სტატუსი დაკარგული ეგზემპლარის სტატუსი კლასიფიკაციის წყარო ან თაროზე გაწყობის სქემა დაზიანების სტატუსი არ გაიცემა მუდმივი მდებარეობა (დაცვის ადგილი) ამჟამინდელი ადგილსამყოფელი თაროზე განთავსების ადგილი შეძენის თარიღი ღირებულება, შესყიდვის ნორმალური ფასი სრული შენახვის შიფრი შტრიხკოდი ბოლო ოპერაციის თარიღი ეგზემპლარის მიმდევრობითი ნომერი (კეტერი?) Uniform Resource Identifier ფასის ძალაში შესვლის თარიღი ეგზემპლარის სახეობა საჯარო შენიშვნა
          ბათუმის შოთა რუსთაველის სახელმწიფო უნივერსიტეტის მთავარი ბიბლიოთეკა ბათუმის შოთა რუსთაველის სახელმწიფო უნივერსიტეტის მთავარი ბიბლიოთეკა წიგნსაცავი 2025-12-19 12.00 811.111(71)-31 ე-87 73321 2025-12-19 73321 სასაქონლო ზედნადები # 0945489272 2025-12-19 წიგნი 12 ლ.
          ბათუმის შოთა რუსთაველის სახელმწიფო უნივერსიტეტის მთავარი ბიბლიოთეკა ბათუმის შოთა რუსთაველის სახელმწიფო უნივერსიტეტის მთავარი ბიბლიოთეკა წიგნსაცავი 2025-12-19 12.00 811.111(71)-31 ე-87 73322 2025-12-19 73322 სასაქონლო ზედნადები # 0945489272 2025-12-19 წიგნი 12 ლ.